000 00653cam a2200205 a 4500
001 000004993
005 20200929151542.0
008 890105s1995 pr 001 p spa
020 _a0865814384
040 _aDO-SdBNP
_cDLC
_dDLC
082 _aPR861.44
_bR621e, 1995
100 1 _aRivera, Etnairis
_d1949-
_914411
245 1 0 _aEntre ciudades y casi paraísos /
_cEtnairis Rivera.
250 _a2a ed.
260 _aSan Juan, Puerto Rico :
_bInstituto de Cultura Puertorriqueña,
_c1995.
300 _a158 p. ;
_c22 cm.
650 4 _aPoesía puertorriqueña
_91015
650 4 _aLiteratura puertorriqueña
_9250
910 _aCatalogación por copia / LC
999 _c4799
_d4799